000 nam a22 7a 4500
999 _c9358
_d9358
008 180510b ||||| |||| 00| 0 eng d
020 _a9712706915
082 _21998
_aDFil 899.2103
_bC81
100 _927822
_aCortes, Carlos
245 _aBlack Hole/
_cCarlos Cortes
260 _aPasig City:
_bAnvil Publishing,
_cc1998.
300 _apages 15-52;
_b21 cm.
500 _aLassitude and other stories.
650 0 _927823
_aPhilippine short stories (English)
942 _2ddc
_cDFIL